书目信息 |
| 题名: |
神经重症临床营养治疗
|
|
| 作者: | 徐习 , 林宁 主编 | |
| 分册: | ||
| 出版信息: | 武汉 湖北科学技术出版社 2025.05 |
|
| 页数: | 277页 | |
| 开本: | 30cm | |
| 丛书名: | 神经外科全媒体书系 | |
| 单 册: | ||
| 中图分类: | R741.059.7 , R741.059 | |
| 科图分类: | ||
| 主题词: | 神经系统疾病--shen jing xi tong ji bing--险症--临床营养--治疗 | |
| 电子资源: | ||
| ISBN: | 978-7-5706-4105-5 | |
| 000 | 01150nam 2200289 450 | |
| 001 | 91211 | |
| 005 | 20250816175304.65 | |
| 010 | @a978-7-5706-4105-5@b精装@dCNY168.00 | |
| 100 | @a20250711d2025 em y0chiy50 ea | |
| 101 | 0 | @achi |
| 102 | @aCN@b420000 | |
| 105 | @aak a 000yy | |
| 106 | @ar | |
| 200 | 1 | @a神经重症临床营养治疗@Ashen jing zhong zheng lin chuang ying yang zhi liao@f主编徐习, 林宁 |
| 210 | @a武汉@c湖北科学技术出版社@d2025.05 | |
| 215 | @a277页@c彩图@d30cm | |
| 225 | 2 | @a神经外科全媒体书系@Ashen jing wai ke quan mei ti shu xi@h第2辑 |
| 320 | @a有书目 (第272页) | |
| 330 | @a本书共两篇十六个章节, 分别从神经重症的基本概念、流行病学特征、成本-效益分析以及标准化临床营养诊疗、各种致伤致病因素引起的神经重症诊疗谈起, 对营养的作用进行了全方位的总结和概括, 并用病例来阐述临床实践中的具体方法和步骤。 | |
| 410 | 0 | @12001 @a神经外科全媒体书系@h第2辑 |
| 606 | 0 | @a神经系统疾病@Ashen jing xi tong ji bing@x险症@x临床营养@x治疗 |
| 690 | @aR741.059.7@v5 | |
| 690 | @aR741.059@v4 | |
| 701 | 0 | @a徐习@Axu xi@4主编 |
| 701 | 0 | @a林宁@Alin ning@4主编 |
| 801 | 0 | @aCN@c20250909 |
| 905 | @a河南城建学院图书馆@dR741.059@eX823@f1 | |
| 神经重症临床营养治疗/主编徐习, 林宁.-武汉:湖北科学技术出版社,2025.05 |
| 277页:彩图;30cm.-(神经外科全媒体书系.第2辑) |
| ISBN 978-7-5706-4105-5(精装):CNY168.00 |
| 本书共两篇十六个章节, 分别从神经重症的基本概念、流行病学特征、成本-效益分析以及标准化临床营养诊疗、各种致伤致病因素引起的神经重症诊疗谈起, 对营养的作用进行了全方位的总结和概括, 并用病例来阐述临床实践中的具体方法和步骤。 |
| ● |
| 相关链接 |
|
|
|
正题名:神经重症临床营养治疗
索取号:R741.059/X823
 
预约/预借
| 序号 | 登录号 | 条形码 | 馆藏地/架位号 | 状态 | 备注 |
| 1 | 1625173 | 216251730 | 自科库401/401自科库 21排1列1层/ [索取号:R741.059/X823] | 在馆 |